000 00791nam a2200289Ia 4500
001 1979
003 IT-RoPAU
008 130308s9999 xx 000 0 und d
040 _aIT-RoPAU
040 _cIT-RoPAU
041 _aITALIANO
100 _aQuintavalle Arturo Carlo
100 _gCodice Aut. SPICS: 2255
245 _aAstrazione e organicità nella storia dell'arte
245 _bCavaliere Azzurro e l'orfismo (Il)
250 _a1a ed.
260 _aMILANO
260 _bFratelli Fabbri Editori
260 _c1976 [1° Ed.:1976 - Ed.Ling.Originale:1976]
300 _a"2 p. (prefazione: no ; testo: 2 [pagine: 38-39])"
650 _aSTORIA DELLE ARTI VISIVE
650 _eCodice materia Spics: 5008
942 _cBK
957 _71
999 _c47103
_d47103
999 _bSI
999 _g1